Alle Rihanna Songs aus ihren Studioalben - Statistiken

Allgemein
  • Dieses Quiz wurde 32 mal gespielt
  • Das Durchschnittsergebnis liegt bei 12 aus 102
Antwortstatistiken
Antwort % Korrekt
Umbrella (Featuring Jay-Z)
88%
Diamonds
79%
S+M
63%
Stay
46%
Only Girl (In The World)
42%
Don't Stop The Music
38%
A Girl Like Me
29%
Good Girl Gone Bad
29%
Man Down
29%
Talk That Talk
29%
Breakin' Dishes
25%
Love On The Brain
25%
Love The Way You Lie (Part II) (feat. Eminem)
25%
Needed Me
25%
Pon De Replay
25%
Rude Boy
25%
SOS
25%
Unfaithful
25%
Work (+ Drake)
25%
California King Bed
21%
Kiss It Better
21%
Shut Up And Drive
21%
We Found Love (+ Calvin Harris)
21%
Where Have You Been
21%
Rehab
17%
Russian Roulette
17%
What's My Name (feat. Drake)
17%
Consideration (+ SZA)
13%
Desperado
13%
Higher
13%
Music Of The Sun
13%
What Now
13%
Close To You
8%
Hate That I Love You (Featuring Ne-Yo)
8%
James Joint
8%
Never Ending
8%
Pour It Up
8%
Question Existing
8%
Rockstar 101
8%
Say It
8%
Sell Me Candy
8%
Te Amo
8%
Woo
8%
Yeah, I Said It
8%
A Million Miles Away
4%
Birthday Cake
4%
Break It Off (Featuring Sean Paul)
4%
Cheers (Drink To That)
4%
Cockiness (Love It)
4%
Cold Case Love
4%
Complicated
4%
Crazy Little Thing Called Love (Featuring J-Status)
4%
Dem Haters (Featuring Dwane Husbands)
4%
Drunk On Love
4%
Fading
4%
Farewell
4%
Final Goodbye
4%
Fire Bomb
4%
G4L
4%
Get It Over With
4%
Hard
4%
If It's Lovin' That You Want
4%
If It's Lovin' That You Want (Part II) (Feat Cory Gunz)
4%
Jump
4%
Kisses Don't Lie
4%
Lemme Get That
4%
Let Me
4%
Lost in Paradise
4%
Love Song
4%
Love Without Tragedy - Mother Mary
4%
Mad House
4%
Nobody's Business
4%
No Love Allowed
4%
Numb
4%
Push Up On Me
4%
Raining Men (feat. Nicki Minaj)
4%
Right Now
4%
Roc Me Out
4%
Same Ol' Mistakes
4%
Selfish Girl
4%
Skin
4%
Stupid in Love
4%
Wait Your Turn
4%
Watch n' Learn
4%
We All Want Love
4%
We Ride
4%
You Da One
4%
Do Ya Thang (Bonus Track)
0%
Fool In Love (Bonus Track)
0%
Fresh Off The Runway
0%
Here I Go Again (Featuring J-Status)
0%
Last Song
0%
Now I Know
0%
Photographs
0%
P.S. (I'm Still Not Over You)
0%
Red Lipstick (Bonus Track)
0%
Rush (Featuring Kardinal Offishall)
0%
That La, La, La
0%
The Last Time
0%
There's A Thug In My Life (Featuring J-Status)
0%
Willing To Wait
0%
You Don't Love Me (No, No, No) (Featuring Vybz Kartel)
0%
Keine übereinstimmenden Quizze gefunden
Verteilung der Resultate
Anzahl Personen mit jedem Resultat
Perzentil nach korrekt beantworteten Fragen
Ihre Resultats-Entwicklung
Sie haben dieses Quiz noch nicht gespielt